000 nam a22 7a 4500
999 _c8379
_d8379
008 180116b ||||| |||| 00| 0 eng d
100 _aGrover.A.
_94790
245 _aMy Activity Album
260 _bNavdeep
_c2003